Most Popular Songs in USA 12/7/2024 - Statistics

General Stats
  • This quiz has been taken 5 times
  • The average score is 10 of 15
Answer Stats
Rank Artist (Version) Answer Streams Radio Airplay Sales % Correct
6. Shaboozey A Bar Song (Tipsy) 20.5 Million 67.5 Million 9 Thousand
100%
12. Billie Eilish Birds Of A Feather 19.1 Million 50.1 Million 2.5 Thousand
100%
7. Lady GaGa, Bruno Mars Die With A Smile 22.1 Million 55.4 Million 4.5 Thousand
100%
3. Kendrick Lamar, SZA Luther 44.4 Million 3.1 Million 2 Thousand
100%
10. Mariah Carey All I Want For Christmas Is You 27.1 Million 15.2 Million 2 Thousand
75%
15. Brenda Lee Rockin' Around The Christmas Tree 23.5 Million 13.5 Million 0.8 Thousand
75%
2. Kendrick Lamar, Lefty Gunplay TV Off 46.7 Million 2.8 Million 4 Thousand
75%
11. Kendrick Lamar, Wallie the Sensei, Suete7x, Roddy Ricch Dodger Blue 26.2 Million 0.4 Million 0.7 Thousand
50%
14. Kendrick Lamar Heart Pt. 6 23.5 Million 0.7 Million 1 Thousand
50%
5. Kendrick Lamar, Dody6 Hey Now 31.2 Million 0.1 Million 1 Thousand
50%
9. Kendrick Lamar Man At The Garden 27.4 Million 0 0.6 Thousand
50%
13. Kendrick Lamar, AzChike Peekaboo 24.7 Million 0.4 Million 0.6 Thousand
50%
8. Kendrick Lamar Reincarnated 27.8 Million 0.3 Million 1.5 Thousand
50%
1. Kendrick Lamar Squabble Up 51.6 Million 5.7 Million 5 Thousand
50%
4. Kendrick Lamar Wacced Out Murals 38 Million 0.5 Million 2 Thousand
50%
No matching quizzes found
Score Distribution
Percent of People with Each Score
Percentile by Number Answered
Your Score History
You have not taken this quiz